| 000 | 00000nam 2200000zi 4500 |
| 001 | 9.940440 |
| 003 | CaOODSP |
| 005 | 20240723135041 |
| 006 | m o d f |
| 007 | cr cn||||||||| |
| 008 | 240711e202002##onc ob f000 0 eng d |
| 040 | |aCaOODSP|beng|erda|cCaOODSP |
| 043 | |an-cn--- |
| 086 | 1 |aIN4-42/2020E-PDF |
| 245 | 00|aCapital Division guidance / rule making : |binternal audit report : assurance engagement. |
| 246 | 37|a2019-20 Capital Division guidance / rule making - final report, February 2020 |
| 264 | 1|a[Ottawa] : |bOffice of the Superintendent of Financial Institutions Canada = Bureau du surintendant des institutions financières Canada, |cFebruary 2020. |
| 300 | |a1 online resource (13 pages) |
| 336 | |atext|btxt|2rdacontent |
| 337 | |acomputer|bc|2rdamedia |
| 338 | |aonline resource|bcr|2rdacarrier |
| 500 | |aIssued also in French under title: Établissement de consignes et de règles par la Division des fonds propres : rapport d’audit interne : mission d’assurance. |
| 504 | |aIncludes bibliographical references. |
| 610 | 20|aOffice of the Superintendent of Financial Institutions Canada|xAuditing. |
| 650 | 0|aCapital investments|zCanada|xAuditing. |
| 710 | 2 |aOffice of the Superintendent of Financial Institutions Canada, |eissuing body. |
| 775 | 08|tÉtablissement de consignes et de règles par la Division des fonds propres : |w(CaOODSP)9.940897 |
| 856 | 40|qPDF|s847 KB|uhttps://publications.gc.ca/collections/collection_2024/bsif-osfi/IN4-42-2020-eng.pdf |